000 00450nam a2200181Ia 4500
001 16742
005 20260306170333.0
008 260306t1995||||xx |||||||||||||| ||und||
041 _aESP
082 _a349.75
_bG41
100 _aGonzález del Valle, José María.
_eAUT
245 0 _aDerecho canónico matrimonial:
_bsegún el código de 1983
260 _c1995
300 _a
_c
650 _aGEN
654 _aCDE
942 _cLIB
_dJUS
_fJUS
_2ddc
_n
999 _c16742
_d16742